000 00592nam a2200205Ia 4500
005 20251020182534.0
008 200515s9999 xx 000 0 und d
082 _a72.015:728(85)/I59/10
245 0 _aPrevi : P-27
260 _aLima
260 _c1974
300 _aPrevi
500 _a1 ejemplar
520 _aEl sistema constructivo empleado consiste en "concreto vaciado en sitio" para muros y techos, empleando encofrados metálicos adaptados de patente "Acrow"
650 _aLIB
650 _aPREVI
650 _aPUB ININVI
650 _aSISTEMAS CONSTRUCTIVOS
942 _cLIB
999 _c2173
_d2173